00736cam a2200241u 450000100060000000300080000600500170001400800410003103500190007204000350009104100080012608200250013410000310015924500660019026000450025630000250030149000300032650400190035665000250037565000170040065000150041770000620043211178BD-RjUL20211208235102.0140126s1927 ctuab 001 0 eng d a(BD-RjUL)11227 aDLCcCarPdDLCd(BD-RjUL)beng aeng04219a 930.10285 bPEH1 aPeake, Harold,d1867-1946.10aHunters & artists /cBy Harode ,Peake and Herbert John Fleure aLondon :bAt The Clarendon Press,c1927. avi, 154 p. ;c21 cm.0 aThe Corridors of timevII aIncludes Index 0aPrehistoric peoples. 0aArchaeology. 0aStone Age.1 aFleure, H. J.q(Herbert John),d1877-1969,ejoint author.